BANCROFT'S THEORY AND PRACTICE OF HISTOLOGICAL TECHNIQUES (Record no. 23251)

MARC details
000 -LEADER
fixed length control field 00446nam a22001697a 4500
003 - CONTROL NUMBER IDENTIFIER
control field SGT
020 ## - INTERNATIONAL STANDARD BOOK NUMBER
International Standard Book Number 9780702068645
082 ## - DEWEY DECIMAL CLASSIFICATION NUMBER
Classification number 616.07
Item number B19S
100 ## - MAIN ENTRY--PERSONAL NAME
Personal name SUVARNA, S. KIM
245 ## - TITLE STATEMENT
Title BANCROFT'S THEORY AND PRACTICE OF HISTOLOGICAL TECHNIQUES
250 ## - EDITION STATEMENT
Edition statement 8TH
260 ## - PUBLICATION, DISTRIBUTION, ETC. (IMPRINT)
Place of publication, distribution, etc U.S.A.
Name of publisher, distributor, etc ELSEVIER PUB
Year of Publication 2019
300 ## - PAGE DESCRIPTION
No. of Pages 557
650 ## - SUBJECT ADDED ENTRY--TOPICAL TERM
Topical term or geographic name as entry element PATHOLOGY
653 ## - KEYWORDS--INDEX TERM
Keyword term BANCROFT'S THEORY AND PRACTICE OF HISTOLOGICAL TECHNIQUES
942 ## - ADDED ENTRY ELEMENTS (KOHA)
Source of classification or shelving scheme Dewey Decimal Classification
Koha item type Books
Holdings
Withdrawn status Lost status Source of classification or shelving scheme Damaged status Not for loan Collection code Home library Current library Shelving location Date acquired Vendor Name Cost, normal purchase price SGTU Bill Number Total Checkouts Full call number Accession No. (Barcode) Date last seen Bill Date Koha item type
    Dewey Decimal Classification   Not For Loan MEDICAL SGT Medical Library SGT Medical Library Reference Book 08/09/2022 ABC DELHI 14500.00 SGTU 14699   616.07 B19S FM13094 08/09/2022 30/06/2022 Books